000 00424nam a2200169 a 4500
005 20260322212048.0
008 data
020 _a0870441442
020 _a9780870441448
092 _a591.57 M335 1973
100 1 _aMcClung, Robert M.
245 1 0 _aHow animals hide.
_cRobert M. McClung.
260 _aWashington, D.C.
_bNational Geographic Society
_c1973
650 0 _aAnimals
650 0 _aCamouflage (Biology)
001 data
999 _c1142
_d1142